Lecciones de historia argentina / (Record no. 17470)
[ view plain ]
| 000 -CABECERA | |
|---|---|
| fixed length control field | 01051nam a22002297a 4500 |
| 003 - IDENTIFICADOR DEL NÚMERO DE CONTROL | |
| control field | AR-CdUCM |
| 008 - DATOS DE LONGITUD FIJA--INFORMACIÓN GENERAL | |
| fixed length control field | 190313b ||||| |||| 00| 0 spa d |
| 040 ## - FUENTE DE LA CATALOGACIÓN | |
| Agencia/entidad que catalogó originalmente la obra | MUNICIPALIDAD PROVINCIAL DEL CUSCO |
| Entidad que transcribió la catalogación | BIBLIOTECA MUNICIPAL DEL CUSCO |
| 082 ## - NÚMERO DE LA CLASIFICACIÓN DECIMAL DEWEY | |
| No. de la edición | 15ed. |
| No. de Clasificación | 982 / |
| Notacion interna | L54 |
| 100 ## - ENTRADA PRINCIPAL--NOMBRE DE PERSONA | |
| Nombre Personal | Levene, Ricardo |
| 245 ## - MENCIÓN DE TÍTULO | |
| Título | Lecciones de historia argentina / |
| 260 ## - PUBLICACIÓN, DISTRIBUCIÓN, ETC. | |
| Lugar de publicación, distribución, etc. | Buenos Aires : |
| Nombre de la editorial, distribuidor, etc. | J. Lajouae & Cía, |
| Fecha de publicación, distribución, etc. | 1934. |
| 300 ## - DESCRIPCIÓN FÍSICA | |
| Nº de Páginas Extensión | 2 tomos ; |
| Otros detalles físicos | Ilustraciones, |
| Dimensiones | 18.5 cm. |
| 505 ## - NOTA DE CONTENIDO CON FORMATO | |
| Nota de contenido formateada | Contenido: t.1 -- Fuentes de la historia colonial -- Causas determinantes del descubridero de américa -- Los aborígenes del territorio Argentino -- La conquista de América -- t.2: Historia de la independencia y de la organización nacional -- Insurrección del Paraguay -- Campaña de belgrano en el Paraguay, su fracaso -- Tendencias de la revolución... |
| 650 ## - PUNTO DE ACCESO ADICIONAL DE MATERIA--TÉRMINO DE MATERIA | |
| Descriptor | Historia |
| 9 (RLIN) | 136 |
| 650 ## - PUNTO DE ACCESO ADICIONAL DE MATERIA--TÉRMINO DE MATERIA | |
| Descriptor | Insurrección |
| 9 (RLIN) | 37507 |
| 650 ## - PUNTO DE ACCESO ADICIONAL DE MATERIA--TÉRMINO DE MATERIA | |
| Descriptor | Argentina |
| 9 (RLIN) | 511 |
| 650 ## - PUNTO DE ACCESO ADICIONAL DE MATERIA--TÉRMINO DE MATERIA | |
| Descriptor | Descubrimiento |
| 9 (RLIN) | 249 |
| 700 ## - PUNTO DE ACCESO ADICIONAL--NOMBRE DE PERSONA | |
| Nombre Personal | González, Joaquín V. |
| 9 (RLIN) | 16944 |
| 942 ## - ELEMENTOS DE PUNTO DE ACCESO ADICIONAL (KOHA) | |
| Fuente de clasificación | |
| Tipo de item | Libros-BMC |
| 945 ## - PROCESAMIENTO DE INFORMACIÓN LOCAL (OCLC) | |
| Catalogador | acv |
No items available.